000 01862nam a2200505 i 4500
001 14836
003 KOSZ 005
005 20240405063021.0
008 070608s1972 pl a f 001 0 pol
015 _aPB 1972/9382
035 _a991034615269705066
035 _a(PL-WaBN)b19318388-48omnis_nlop
035 _ab19318388
035 _a(OCoLC)838874731
035 _a(PL)b0000001931838
035 _a(EXLNZ-48OMNIS_NETWORK)9910287164805606
040 _aWA N
_cWA N
_dKOSZ 005/KK
041 0 _apol
_beng
_bfre
_brus
080 _a72+712](438)(091)(084.1)
100 1 _aTatarkiewicz, Władysław
_d(1886-1980)
_eAutor
245 1 0 _aŁazienki warszawskie /
_cWładysław Tatarkiewicz ; fotografie w części albumowej Edmund Kupiecki.
250 _aWydanie 3.
260 _aWarszawa :
_b"Arkady",
_c1972.
300 _a285, [2] strony, 9 stron, tablice :
_bilustracje ;
_c27 cm.
336 _2rdacontent
_aTekst
_btxt
337 _2rdamedia
_aBez urządzenia pośredniczącego
_bn
338 _2rdacarrier
_aWolumin
_bnc
380 _aKsiążki
388 _a1901-2000
504 _aIndeks.
546 _aStreszczenie w języku angielskim, francuskim, rosyjskim.
648 7 _a1701-1800
_2DBN
648 7 _a1801-1900
_2DBN
648 7 _a1901-2000
_2DBN
650 7 _aŁazienki Królewskie (Warszawa ; zespół pałacowo-parkowy)
_2DBN
650 7 _aParki i ogrody
_zPolska
_y18-20 w.
_2DBN
650 7 _aZamki i pałace
_zPolska.
_2DBN
651 7 _aWarszawa (woj. mazowieckie)
_2DBN
658 _aArchitektura i budownictwo
700 1 _aKupiecki, Edmund
_d(1917-2002).
_eFot.
710 2 _aWydawnictwo "Arkady".
_4pbl
856 _uhttp://koha.tu.koszalin.pl/cgi-bin/koha/opac-detail.pl?biblionumber=14836
_yKatalog online BPK
942 _2UKD
_cKS
999 _c14836
_d14836